000 00450nam a2200181Ia 4500
001 18271
005 20260306171618.0
008 260306s9999||||xx |||||||||||||| ||und||
041 _aESP
082 _a658.402
_bG91
100 _aGuizar M., Rafael
_eAUT
245 0 _aDesarrollo organizacional:
_bprincipios y aplicaciones
260 _c1998
300 _a285 páginas :
_c23 cm.
650 _aGEN
654 _aCAN
942 _cLIB
_dJUS
_fJUS
_2ddc
_n
999 _c18271
_d18271